<?xml version="1.0" encoding="UTF-8"?>
<record
    xmlns:xsi="http://www.w3.org/2001/XMLSchema-instance"
    xsi:schemaLocation="http://www.loc.gov/MARC21/slim http://www.loc.gov/standards/marcxml/schema/MARC21slim.xsd"
    xmlns="http://www.loc.gov/MARC21/slim">

  <leader>01317nam a2200349 a 4500</leader>
  <controlfield tag="001">000109509</controlfield>
  <controlfield tag="003">CHAP</controlfield>
  <controlfield tag="005">20220329144053.0</controlfield>
  <controlfield tag="008">140507s2013    mx      sm   |||||||spa d</controlfield>
  <datafield tag="010" ind1=" " ind2=" ">
    <subfield code="a">105971</subfield>
  </datafield>
  <datafield tag="011" ind1=" " ind2=" ">
    <subfield code="a">106943</subfield>
  </datafield>
  <datafield tag="040" ind1=" " ind2=" ">
    <subfield code="c">CHAP</subfield>
  </datafield>
  <datafield tag="090" ind1=" " ind2=" ">
    <subfield code="a">Tesis</subfield>
  </datafield>
  <datafield tag="100" ind1="1" ind2=" ">
    <subfield code="a">Nu&#xF1;ez Aguilar, Jorge Iv&#xE1;n.</subfield>
    <subfield code="9">126747</subfield>
  </datafield>
  <datafield tag="245" ind1="1" ind2="0">
    <subfield code="a">Crisis rural y migraci&#xF3;n internacional en la Frailesca :</subfield>
    <subfield code="h">[En l&#xED;nea]</subfield>
    <subfield code="b">el caso de San Pedro Buenavista /</subfield>
    <subfield code="c">por Jorge Iv&#xE1;n N&#xFA;nez Aguilar.</subfield>
  </datafield>
  <datafield tag="260" ind1=" " ind2=" ">
    <subfield code="a">Chiapas :</subfield>
    <subfield code="b">El autor,</subfield>
    <subfield code="c">2013.</subfield>
  </datafield>
  <datafield tag="500" ind1=" " ind2=" ">
    <subfield code="a">Para ver el contenido del material haga clic en la liga</subfield>
  </datafield>
  <datafield tag="502" ind1=" " ind2=" ">
    <subfield code="a">Tesis (MC. en Desarrollo Rural Regional) -- UACH. Departamento Direcci&#xF3;n de Centros Regionales</subfield>
  </datafield>
  <datafield tag="590" ind1=" " ind2=" ">
    <subfield code="a">BATCH-UPD</subfield>
    <subfield code="b">05</subfield>
    <subfield code="c">20140507</subfield>
    <subfield code="l">UCH01</subfield>
    <subfield code="h">1155</subfield>
  </datafield>
  <datafield tag="590" ind1=" " ind2=" ">
    <subfield code="a">BATCH-UPD</subfield>
    <subfield code="b">10</subfield>
    <subfield code="c">20141002</subfield>
    <subfield code="l">UCH01</subfield>
    <subfield code="h">0902</subfield>
  </datafield>
  <datafield tag="590" ind1=" " ind2=" ">
    <subfield code="a">E11695DGD</subfield>
    <subfield code="b">10</subfield>
    <subfield code="c">20140522</subfield>
    <subfield code="l">UCH01</subfield>
    <subfield code="h">1040</subfield>
  </datafield>
  <datafield tag="590" ind1=" " ind2=" ">
    <subfield code="a">E5765TAJ</subfield>
    <subfield code="b">05</subfield>
    <subfield code="c">20140507</subfield>
    <subfield code="l">UCH01</subfield>
    <subfield code="h">1154</subfield>
  </datafield>
  <datafield tag="590" ind1=" " ind2=" ">
    <subfield code="a">E5765TAJ</subfield>
    <subfield code="b">05</subfield>
    <subfield code="c">20140507</subfield>
    <subfield code="l">UCH01</subfield>
    <subfield code="h">1154</subfield>
  </datafield>
  <datafield tag="650" ind1="1" ind2="4">
    <subfield code="a">Agricultura</subfield>
    <subfield code="x">Trabajadores</subfield>
    <subfield code="x">Chiapas</subfield>
    <subfield code="9">1848</subfield>
  </datafield>
  <datafield tag="650" ind1="1" ind2="4">
    <subfield code="a">Emigraci&#xF3;n e inmigraci&#xF3;n.</subfield>
    <subfield code="9">36517</subfield>
  </datafield>
  <datafield tag="650" ind1="1" ind2="4">
    <subfield code="a">Pol&#xED;tica agr&#xED;cola</subfield>
    <subfield code="x">Chiapas.</subfield>
    <subfield code="9">90298</subfield>
  </datafield>
  <datafield tag="650" ind1="1" ind2="4">
    <subfield code="a">Trabajadores migratorios.</subfield>
    <subfield code="9">114475</subfield>
  </datafield>
  <datafield tag="856" ind1=" " ind2=" ">
    <subfield code="a">Finding aid</subfield>
    <subfield code="u">http://10.13.5.2/tesis/sist109509.pdf</subfield>
    <subfield code="z">Teclea aqu&#xED;</subfield>
  </datafield>
  <datafield tag="901" ind1=" " ind2=" ">
    <subfield code="a">BK</subfield>
  </datafield>
  <datafield tag="942" ind1=" " ind2=" ">
    <subfield code="c">TESIS</subfield>
  </datafield>
  <datafield tag="942" ind1=" " ind2=" ">
    <subfield code="n">0</subfield>
  </datafield>
  <datafield tag="999" ind1=" " ind2=" ">
    <subfield code="c">105971</subfield>
    <subfield code="d">105971</subfield>
  </datafield>
  <datafield tag="952" ind1=" " ind2=" ">
    <subfield code="0">0</subfield>
    <subfield code="1">0</subfield>
    <subfield code="2">local</subfield>
    <subfield code="4">0</subfield>
    <subfield code="7">1</subfield>
    <subfield code="8">TESIS</subfield>
    <subfield code="a">BC</subfield>
    <subfield code="b">BC</subfield>
    <subfield code="d">2014-05-07</subfield>
    <subfield code="f">TESIS</subfield>
    <subfield code="l">0</subfield>
    <subfield code="o">Tesis</subfield>
    <subfield code="p">33724002403934</subfield>
    <subfield code="r">2019-12-31 00:00:00</subfield>
    <subfield code="w">2014-05-07</subfield>
    <subfield code="y">CD</subfield>
  </datafield>
  <datafield tag="952" ind1=" " ind2=" ">
    <subfield code="0">0</subfield>
    <subfield code="1">0</subfield>
    <subfield code="2">local</subfield>
    <subfield code="4">0</subfield>
    <subfield code="7">1</subfield>
    <subfield code="8">TESIS</subfield>
    <subfield code="a">BC</subfield>
    <subfield code="b">BC</subfield>
    <subfield code="d">2014-05-07</subfield>
    <subfield code="f">TESIS</subfield>
    <subfield code="l">0</subfield>
    <subfield code="o">Tesis</subfield>
    <subfield code="p">33724002403975</subfield>
    <subfield code="r">2019-12-31 00:00:00</subfield>
    <subfield code="t">c.2</subfield>
    <subfield code="w">2014-05-07</subfield>
    <subfield code="y">CD</subfield>
  </datafield>
</record>
